| 000 | 00591nam a2200181Ia 4500 | ||
|---|---|---|---|
| 008 | 090124s9999 xx 000 0 und d | ||
| 082 |
_b3975 _a724 |
||
| 100 | _aयशवंत (पेंढारकर यशवंत दिनकर) | ||
| 245 | _a यशोधन | ||
| 250 | _a2 | ||
| 260 | _c1929 | ||
| 300 | _a160+12 | ||
| 600 | _aयशवंत (पेंढारकर यशवंत दिनकर) | ||
| 630 | _a यशोधन | ||
| 700 | _aयशवंत (पेंढारकर यशवंत दिनकर) | ||
| 730 | _a यशोधन | ||
| 942 | _cBOOK | ||
| 999 |
_c117916 _d117916 |
||